000 01229nam a2200205Ia 4500
001 b7104-52972
003 IT-MiCISF
008 161014s9999||||xx |||||||||||||| ||und||
040 _aIT-MiCISF
_cIT-MiCISF
041 _ait
100 _aLavra Michele
245 0 _aVita di coppia
_bpreparazione ed esperienze familiari
250 _a1a ed.
260 _a Torino
_bElledici
_c2013
300 _app. 151
500 _a / preparazione-al-matrimonio, pastorale-prematrimoniale, fidanzamento, esperienze / L'autore, attingendo alla propria esperienza di ministero pastorale a contatto con tante coppie e di studio sulla Parola di Dio contenuta nella Bibbia, propone una serie di riflessioni sulla vita di coppia. La prima parte contiene l'essenziale di alcuni corsi di formazione alla vita a due, con una varietà di proposte che possono illuminare il cammino di preparazione a questa scelta fondamentale della vita. La seconda parte riporta alcune esperienze di vita a due: primi passi dopo il matrimonio, novità e sorprese durante il cammino, nascita dei figli... Al termine di ogni capitolo sono suggeriti spunti per la riflessione personale.
650 _apastorale-familiare
942 _cBK
957 _71
999 _a52972
_bsi
_g1
_c209873
_d209873